MARC

LEADER 00000nam0a2200000 4500
001 147517
005 20231101221310.0
035 |a (RuTPU)RU\TPU\book\159903 
090 |a 147517 
100 |a 20081117d1982 k y0rusy50 ca 
101 0 |a rus 
102 |a RU 
105 |a a z 001zy 
200 1 |a Радиоизотопное измерение плотности легких сред  |f В. А. Чудаков, О. М. Аншаков  |g под ред. С. С. Шушкевича 
210 |a Минск  |c Изд-во Белорусского ГУ  |d 1982 
215 |a 144 с.  |c ил. 
320 |a Библиогр.: с. 131 - 140 ( 173 назв.) 
606 |a Плотномеры радиоактивные  |2 stltpush  |3 (RuTPU)RU\TPU\subj\49402  |9 68203 
610 1 |a радиоизотопное измерение 
610 1 |a легкие среды 
610 1 |a методы определения 
610 1 |a гамма-излучения 
610 1 |a зонды 
610 1 |a рассеяние 
610 1 |a электронные схемы 
675 |a 531.75  |v 3 
700 1 |a Чудаков  |b В. А.  |g Владимир Андреанович 
701 1 |a Аншаков  |b О. М.  |g Олег Матвеевич 
702 1 |a Шушкевич  |b С. С.  |4 340 
801 1 |a RU  |b 63413507  |c 20081117  |g PSBO 
801 2 |a RU  |b 63413507  |c 20171218  |g PSBO 
942 |c BK